Možnosti vytvárania predpokladov a podmienok na zvyšovanie atraktivity regiónov v období integrácie Slovenska do Európskej únie

Doterajší vývoj a identifikácia regionálnych nerovností v ekonomike Slovenska (regionálny HDP). Faktory podmieňujúce regionálne nerovnosti. Základné predpoklady a podmienky rozvoja regiónov. Scenáre možných dôsledkov vstupu Slovenska do Európskej únie na rozvoj regiónov. Požiadavky EÚ na regionálnu...

Descrizione completa

Salvato in:
Dettagli Bibliografici
Autore principale: Tvrdoň, Jozef
Natura: Capitolo di libro
Lingua:slovacco
Soggetti:
Tags: Aggiungi Tag
Nessun Tag, puoi essere il primo ad aggiungerne!!

MARC

LEADER 00000naa a2200000 4500
001 r046978
005 20240502071341.4
041 0 |a slo 
044 |a SK 
245 1 0 |a Možnosti vytvárania predpokladov a podmienok na zvyšovanie atraktivity regiónov v období integrácie Slovenska do Európskej únie  |c Jozef Tvrdoň 
520 |a Doterajší vývoj a identifikácia regionálnych nerovností v ekonomike Slovenska (regionálny HDP). Faktory podmieňujúce regionálne nerovnosti. Základné predpoklady a podmienky rozvoja regiónov. Scenáre možných dôsledkov vstupu Slovenska do Európskej únie na rozvoj regiónov. Požiadavky EÚ na regionálnu politiku a koordináciu štruktúrnych nástrojov. 
610 2 0 |a integrácia ekonomická medzinárodná 
610 2 0 |a Slovensko 
610 2 0 |a Európska únia 
610 2 0 |a regióny 
610 2 0 |a produkt domáci hrubý 
610 2 0 |a podnikanie 
610 2 0 |a inovácia 
610 2 0 |a výskum 
610 2 0 |a politika regionálna 
100 1 |a Tvrdoň, Jozef